[Event "Hastings9192"]
[Site "Hastings"]
[Date "1991.??.??"]
[Round "5"]
[White "Suetin, Alexey S"]
[Black "Hodgson, Julian M"]
[Result "0-1"]
[WhiteElo "2405"]
[BlackElo "2570"]

1.e4 d6 2.d4 g6 3.Nc3 c6 4.Be3 b5 5.Qd2 Nd7 6.Bd3 Nb6 7.Nge2 Bg7 8.O-O Qc7
9.h3 a6 10.a4 Rb8 11.axb5 cxb5 12.Na2 Nf6 13.Qa5 Qb7 14.Nb4 Ra8 15.Nxa6 O-O
16.Bxb5 Nxe4 17.c4 d5 18.b3 dxc4 19.bxc4 Nd6 20.Qb4 Nbxc4 21.Nc5 Qxb5 22.Qxb5 Rxa1
23.Qb4 Ra2 24.Nc1 Rc2 25.N1d3 Nf5 26.Re1 Ncxe3 27.fxe3 Bh6 28.Nf4 Bxf4 29.exf4 Nh4
30.Qb3 Rxg2+ 31.Kf1 Rh2 32.Rxe7 Bf5 33.Nd7 Bxh3+ 34.Ke1 Bxd7 35.Rxd7 Nf5
36.Kd1 Kh8 37.d5 Ra8 38.Qc3+ Kg8 39.Qf6 Ra1+ 40.Qxa1 Rh1+ 41.Ke2 Rxa1 42.Kd3 Rd1+
43.Ke4 h5 44.Ke5 Kg7  0-1

[Event "Hastings9192"]
[Site "Hastings"]
[Date "1991.??.??"]
[Round "6"]
[White "Chandler, Murray G"]
[Black "Hodgson, Julian M"]
[Result "1/2-1/2"]
[WhiteElo "2605"]
[BlackElo "2570"]

1.e4 d5 2.exd5 Nf6 3.d4 Nxd5 4.Nf3 g6 5.c4 Nf6 6.Nc3 Bg7 7.Be2 O-O 8.O-O c6
9.Re1 Bg4 10.h3 Bxf3 11.Bxf3 Nbd7 12.Qb3 e5 13.dxe5 Nc5 14.Qc2 Nfd7 15.Be3 Nxe5
16.Be2 Ne6 17.Rad1 Qh4 18.Qe4 Qe7 19.f4 f5 20.Qc2 Nf7 21.Bf1 Rfd8 22.Rxd8+ Rxd8
23.Bxa7 Qd6 24.Be3 Nxf4 25.Rd1 Qe5 26.Rxd8+ Nxd8 27.Qd2 Nde6 28.Nd1 Bf8 29.b4 c5
30.bxc5 Bxc5 31.Bxc5 Qxc5+ 32.Nf2 Qe5 33.a4 b6 34.Qd7  1/2-1/2

[Event "Hastings9192"]
[Site "Hastings"]
[Date "1991.??.??"]
[Round "7"]
[White "Shirov, Alexei"]
[Black "Agdestein, Simen"]
[Result "0-1"]
[WhiteElo "2610"]
[BlackElo "2590"]

1.e4 e5 2.Nf3 Nc6 3.d4 exd4 4.Nxd4 Bc5 5.Be3 Qf6 6.c3 Nge7 7.Bc4 b6 8.O-O Bb7
9.b4 Nxd4 10.cxd4 Bxb4 11.a3 Ba5 12.d5 O-O 13.f4 b5 14.e5 Qh6 15.Bb3 Nf5
16.Bf2 Qxf4 17.Qd3 Qxe5 18.Ra2 Nd6 19.Re2 Qg5  0-1

[Event "Hastings9192"]
[Site "Hastings"]
[Date "1991.??.??"]
[Round "10"]
[White "Shirov, Alexei"]
[Black "Suetin, Alexey S"]
[Result "1-0"]
[WhiteElo "2610"]
[BlackElo "2405"]

1.d4 d5 2.c4 e6 3.Nc3 Be7 4.cxd5 exd5 5.Bf4 Nf6 6.e3 O-O 7.Nf3 c5 8.Be2 Nc6
9.O-O h6 10.Rc1 c4 11.Ne5 Be6 12.Nxc6 bxc6 13.Qa4 Qb6 14.b3 cxb3 15.Rb1 b2
16.Qc2 Ba3 17.Na4 Qa5 18.Qb3 Be7 19.Rxb2 Ne4 20.Qc2 Ba3 21.Rb7 Rfc8 22.Bd3 Bf8
23.Rfb1 Nd2 24.Rd1 Nc4 25.Bxc4 dxc4 26.e4 Re8 27.h3 Qh5 28.Nc3 a5 29.Bg3 Qg6
30.Kh2 Bb4 31.f3 Bc8 32.Rb6 Ra6 33.Na4 Bd6 34.Bxd6 Qxd6+ 35.e5 Qc7 36.Rxa6 Bxa6
37.Nc5 Bc8 38.Qxc4 Qb6 39.Qc2 Be6 40.Rb1 Qd8 41.Qd2 Qd5 42.a4 Rd8 43.Rd1 Qc4
44.Kg3 Rd5 45.Qd3 Rd8 46.Qxc4 Bxc4 47.Nb7 Rb8 48.Nxa5 Bd5 49.Rc1 Rb6 50.Rc5 Kf8
51.Kf2 Ke7 52.Nc4 Rb4 53.Ne3 Ke6 54.Nxd5 cxd5 55.Ke3 Rxa4 56.Rc6+ Ke7 57.Rd6 Ra2
58.g3 Ra3+ 59.Kf4 Ra5 60.g4 g6 61.h4 Rb5 62.h5 gxh5 63.gxh5 Ra5 64.Kf5 Rb5
65.f4 Ra5 66.Rxh6 Ra4 67.Rb6  1-0

[Event "Hastings9192"]
[Site "Hastings"]
[Date "1991.??.??"]
[Round "11"]
[White "Agdestein, Simen"]
[Black "Hodgson, Julian M"]
[Result "1-0"]
[WhiteElo "2590"]
[BlackElo "2570"]

1.c4 c5 2.Nf3 h6 3.d4 g5 4.dxc5 Bg7 5.Nc3 Bxc3+ 6.bxc3 Qa5 7.h4 g4 8.Qd4 Nf6
9.Nd2 g3 10.f3 Nc6 11.Qe3 b6 12.h5 bxc5 13.Nb3 Qa4 14.Qxc5 Rb8 15.Nd4 Nxd4
16.Qxd4 d6 17.c5 Qxd4 18.cxd4 dxc5 19.Bf4 Rb4 20.Bxg3 cxd4 21.Be5 O-O 22.a3 Ra4
23.Rh4 Ba6 24.Bxd4 e5 25.Bf2 e4 26.Rd1 Re8 27.Bd4 exf3 28.gxf3 Nh7 29.Rg4+ Ng5
30.f4 Re4 31.fxg5 Rxg4 32.Bf6  1-0

[Event "Hastings9192"]
[Site "Hastings"]
[Date "1991.??.??"]
[Round "14"]
[White "Agdestein, Simen"]
[Black "Shirov, Alexei"]
[Result "1/2-1/2"]
[WhiteElo "2590"]
[BlackElo "2610"]

1.c4 g6 2.g3 Bg7 3.Bg2 Nf6 4.Nc3 c6 5.Nf3 O-O 6.O-O d6 7.d4 Nbd7 8.Qc2 Nb6
9.b3 d5 10.cxd5 Nbxd5 11.Bb2 Nxc3 12.Qxc3 Bf5 13.Ne5 Qc8  1/2-1/2